|
|
|
|
| LEADER |
00000nab a2200000 a 4500 |
| 001 |
vtls010724987 |
| 003 |
SK-MaSNL |
| 005 |
20260304185658.0 |
| 008 |
250709s1997 xo |||||||||||||||||slo| |
| 035 |
|
|
|a (urnnbn)urn:nbn:sk:snk:ar-a04vzc
|
| 035 |
|
|
|a (uuid)56348a93-c7c7-4239-a13c-d2074d2fdde6
|
| 035 |
|
|
|a urn:nbn:sk:snk-ab3p0i
|
| 040 |
|
|
|a SNKBUCL
|b slo
|c SNKBUCL
|e AACR2
|
| 041 |
0 |
|
|a slo
|
| 044 |
|
|
|a xo
|c SK
|
| 100 |
1 |
|
|a Hanzel, Vladimír,
|d 1937-
|4 aut
|9 113674
|
| 245 |
1 |
0 |
|a KRASOVO-PUKLINOVÉ VODY BORINSKÉHO KRASU - ICH CHEMICKÉ ZLOŽENIE A OCHRANA
|c Vladimír Hanzel, Kamil Vrana
|
| 700 |
1 |
|
|a Vrana, Kamil
|4 aut
|9 7010
|
| 773 |
0 |
|
|t Podzemná voda : vedecký a odborný časopis Slovenskej asociácie hydrogeológov a národnej skupiny Medzinárodnej asociácie hydrogeológov
|g Roč. 3, č. 1 (1997), s. 24-37
|
| 850 |
|
|
|a Slovenská národná knižnica
|
| 852 |
|
|
|a Slovenská národná knižnica
|
| 954 |
|
|
|a odborná, vedecká literatúra pôvodná (slovenská)
|2 lita
|
| 958 |
|
|
|a article1
|
| 958 |
|
|
|a OND
|
| 958 |
|
|
|a EUIPO
|
| 999 |
|
|
|c 3045355
|d 3047285
|